LEADER 01020nam a2200229 i 4500 001 000000105545 003 CaOOAMICUS 005 20020906000000.0 008 020906s1994 it u000 u ita u 013 $a77739 040 $aSeMil$bita 100 1 $aBissoli, Cesare.$0(OLS)http://semarc/name/510 245 13$aLa Bibbia nell'azione pastorale e nella catechesi :$bproblemi, orientamenti, modelli /$cCesare Bissoli. 260 $aRoma :$b[s.n.],$c1994. 300 $a316 p. ;$c25 cm. 500 $aIn testa al front. : Istituto di Catechetica, dipartimento di Pastorale Giovanile e Catechetica : corso E2201. 650 4$aBibbia - Catechesi.$0(OLS)http://semarc/subject/895 850 $aSeMil 852 $aSeMil$W1$xVenegono$y1$m2Z IV 97$j61724$B61724$CSeMilBibl$Z2$F72097 $81 961 $aOmaggio: Bagatin Luca 996 $6245$aLa Bibbia nell'azione pastorale e nella catechesi :$bproblemi, orientamenti, modelli$9(OLS)http://semarc/title/152793 996 $6260$aRoma :$b[s.n.]$9(OLS)http://semarc/publisher/29738 LEADER 01257nam a2200289 i 4500 001 000000111210 003 CaOOAMICUS 005 20041220000000.0 008 041220s1984 it u000 u ita u 013 $a83892 020 $a88-213-0098-6 040 $aSeMil$bita 100 1 $aBraido, Pietro,$c.$0(OLS)http://semarc/name/4486 245 13$aLa lettera di Don Bosco da Roma del 10 maggio 1884 /$cPietro Braido. 260 $aRoma :$bLAS,$ccopyr. 1984. 300 $a84 p. ;$c24 cm. 490 0 $aPiccola biblioteca dell'Istituto storico salesiano ;$v3 500 $aContiene : Appendici. - Fondo Card. C.M. Martini. 650 4$aBosco, Giovanni - Lettere e carteggi.$0(OLS)http://semarc/subject/19872 830 0$aPiccola biblioteca dell'Istituto storico salesiano ;$v3.$0(OLS)http://semarc/title/10884 850 $aSeMil 852 $aSeMil$W1$xVenegono$y1$m3H IV 93$j67045$B67045$CSeMilBibl$Z2$F90636 $81 941 1 $a4 961 $aAcquisto: Martini Card. Carlo Maria 996 $6020$a88-213-0098-6$9(OLS)http://semarc/number/93280 996 $6245$aLa lettera di Don Bosco da Roma del 10 maggio 1884$9(OLS)http://semarc/title/161805 996 $6260$aRoma :$bLAS$9(OLS)http://semarc/publisher/29900